000 00434nam a22001697a 4500
005 20180328115354.0
008 160518b xxu||||| |||| 00| 0 eng d
020 _a978-81-8488-809-6
041 _aeng
082 _b2722
_a338.7
100 _aAswathappa K.
_94247
245 _aEssentials of Business Environment
260 _aNew Delhi
_bHimalaya Publishing House,
_c1988
300 _a565
650 _aManagement
_9241
942 _cBK
999 _c980
_d980